<?xml version="1.0" encoding="UTF-8"?><?xml-stylesheet type="text/xsl" href="static/style.xsl"?><OAI-PMH xmlns="http://www.openarchives.org/OAI/2.0/" xmlns:xsi="http://www.w3.org/2001/XMLSchema-instance" xsi:schemaLocation="http://www.openarchives.org/OAI/2.0/ http://www.openarchives.org/OAI/2.0/OAI-PMH.xsd"><responseDate>2026-04-27T20:21:44Z</responseDate><request verb="GetRecord" identifier="oai:uvadoc.uva.es:10324/75480" metadataPrefix="marc">https://uvadoc.uva.es/oai/request</request><GetRecord><record><header><identifier>oai:uvadoc.uva.es:10324/75480</identifier><datestamp>2025-03-31T19:02:35Z</datestamp><setSpec>com_10324_38</setSpec><setSpec>col_10324_852</setSpec></header><metadata><record xmlns="http://www.loc.gov/MARC21/slim" xmlns:doc="http://www.lyncode.com/xoai" xmlns:xsi="http://www.w3.org/2001/XMLSchema-instance" xmlns:dcterms="http://purl.org/dc/terms/" xsi:schemaLocation="http://www.loc.gov/MARC21/slim http://www.loc.gov/standards/marcxml/schema/MARC21slim.xsd">
<leader>00925njm 22002777a 4500</leader>
<datafield tag="042" ind1=" " ind2=" ">
<subfield code="a">dc</subfield>
</datafield>
<datafield tag="720" ind1=" " ind2=" ">
<subfield code="a">Legarre Cortés, Marta</subfield>
<subfield code="e">author</subfield>
</datafield>
<datafield tag="260" ind1=" " ind2=" ">
<subfield code="c">2024</subfield>
</datafield>
<datafield tag="520" ind1=" " ind2=" ">
<subfield code="a">El acceso a la educación de la mujer en España durante el siglo XIX estuvo marcado por la desigualdad en la formación de hombres y mujeres y la limitación en la formación de estas últimas.  La mentalidad de la época entendía la educación femenina como una preparación para ser el de “ángel del hogar”, orientada al cuidado de su esposo e hijos.&#xd;
A partir de mediados del siglo XIX, impulsadas por el krausismo, surgieron iniciativas y reformas que abrieron el camino hacia la educación de la mujer. Se crearon instituciones formativas más allá de las de magisterio, y a finales del siglo, una minoría de mujeres logró acceder a la universidad.  &#xd;
El proceso de incorporación de la mujer a la educación fue lento y desigual, pero supuso un avance significativo en el reconocimiento de sus capacidades intelectuales y sociales, sentando las bases para la futura igualdad de oportunidades educativas entre hombres y mujeres.</subfield>
</datafield>
<datafield tag="024" ind2=" " ind1="8">
<subfield code="a">https://uvadoc.uva.es/handle/10324/75480</subfield>
</datafield>
<datafield tag="245" ind1="0" ind2="0">
<subfield code="a">El acceso de la mujer a la educación y a la profesión docente en la historia de España</subfield>
</datafield>
</record></metadata></record></GetRecord></OAI-PMH>